Centroamérica através de la ventana de Proceso

Gardado en:
Detalles Bibliográficos
Formato: Texto
Materias:
Etiquetas: Engadir etiqueta
Sen Etiquetas, Sexa o primeiro en etiquetar este rexistro!

MARC

LEADER 00000 a a2200000 04500
001 6466
003
040
245 |a Centroamérica através de la ventana de Proceso  
650 |a AMERICA CENTRAL  
650 |a POLITICA  
650 |a ECONOMIA  
650 |a DEMOCRACIA  
773 |g volumen 22, número 1000; páginas 12-13  
999 |c 39064  |d 39064